000 01005nam a2200289 i 4500
003 DO-SdBNP
005 20240827094311.0
007 ta
008 240827s2024 dr 000 spa d
020 _a9789993450221
040 _aDO-SdBNP
_bspa
_cBNPHU
_erda
082 _222
_bE74
100 1 _aMatos, Rossina
_eautora
_986418
245 1 3 _aLa escuela nos necesita :
_bun abordaje cualitativo sobre los factores asociados al buen rendimiento de las escuelas /
_cRossina Matos, Laura Sánchez, Mary Francis Benzo
264 1 _aSanto Domingo :
_bIDEC,
_c2024.
300 _a108 páginas
_c29 cm.
336 _2rdacontent
_atexto
_btxt
337 _2rdamedia
_asin mediación
_bn
338 _2rdacarrier
_avolumen
_bnc
490 1 _aEstudio
590 _aInventariado,2024/ YL
700 1 _aSánchez, Laura
_eautora
_986419
700 1 _aBenzo, Mary Francis
_eautora
_986420
710 _aIniciativa Dominicana por una Educación de Calidad (IDEC)
_986421
910 _aYLockward
942 _2ddc
_cLBS1
999 _c57556
_d57556